000 00445nam a2200181Ia 4500
001 20380
005 20260306172802.0
008 260306t2003||||xx |||||||||||||| ||spa||
041 _aESP
082 _a343.2C13
_bC76
100 _aPerú. Congreso de la República
_eAUT
245 0 _aConstitución política del Perú
260 _c2003
300 _a64 páginas :
_c21 cm.
650 _aGEN
654 _aCDE
942 _cLIB
_dJUS
_fJUS
_2ddc
_n
999 _c20380
_d20380